000 00825nam a22002537a 4500
001 107139
003 UA-OsUOA
005 20220731200501.0
007 ta
008 20140709b un ||||| |||| 00| 0 ukr d
040 _aUA-OsUOA
_brus
_cUA-OsUOA
_dUA-OsUOA
041 _arus
044 _aRU
080 _a821.161.1
090 _a821.161.1
_bД72
100 _aДрайзер Т.
245 _aАмериканская трагедия
_bроман
_cТ. Драйзер ; вступ. статья Я. Засурский
260 _aМ.
_bХудожественная литература
_c1978
300 _a783 с.
_bІлюстрації
650 7 _a82 Література. Літературознавство
_2UDC
942 _cBK
_2udc
955 _a3
999 _c392853
_d392853